00545nam a22001577a 4500003001100000008004100011040003900052041000800091082001600099111008400115245002700199260005100226300003300277650004300310650003400353LK-CoMWRAF240624b2004 |||||||| |||| 00| 0 eng d aLK-CoMWRAFdLK-CoMWRAFeLK-CoMWRAF aeng a305.42bWOM aNINTH NATIONAL CONVENTION ON WOMEN'S STUDIES c( Colombo, d20-23rd March 2004) aSESSION VII:bConflict aColombo: bCentre for Women's Research, c2004 a12 p.bBibliography included aWOMEN'S STUDIES- Sri Lanka- Congresses aWar widows-Southern-Sri Lanka